书目信息 |
| 题名: |
水污染事件应急处理技术与决策
|
|
| 作者: | 林盛群 , 金腊华 编 | |
| 分册: | ||
| 出版信息: | 北京 化学工业出版社 2009 |
|
| 页数: | 170页 | |
| 开本: | 25cm | |
| 丛书名: | ||
| 单 册: | ||
| 中图分类: | X52 | |
| 科图分类: | ||
| 主题词: | 水污染--紧急事件--处理 , 水污染 | |
| 电子资源: | ||
| ISBN: | 978-7-122-03598-1 | |
| 000 | 00909nam0 2200253 45 | |
| 001 | 1033065156 | |
| 005 | 20100713084216.48 | |
| 010 | @a978-7-122-03598-1@dCNY38.00 | |
| 100 | @a20100401d2009 em y0chiy0120 ea | |
| 101 | 0 | @achi |
| 102 | @aCN@b110000 | |
| 105 | @ay z 000yy | |
| 106 | @ar | |
| 200 | 1 | @a水污染事件应急处理技术与决策@AShui Wu Ran Shi Jian Ying Ji Chu Li Ji Shu Yu Jue Ce@f林盛群,金腊华编@FLin Sheng Qun, Jin La Hua Bian |
| 210 | @a北京@c化学工业出版社@d2009 | |
| 215 | @a170页@d25cm | |
| 330 | @a本书介绍了水污染事件应急处理技术、策略和决策支持系统,重点讨论了水污染概念、污染预测、污染应急处理和突发性水污染事件的应急处理,既有理论陈述,又有案例分析。 | |
| 606 | 0 | @a水污染@x紧急事件@x处理 |
| 606 | 0 | @a水污染 |
| 690 | @aX52@v4 | |
| 701 | 0 | @a林盛群@ALin Sheng Qun@4编 |
| 701 | 0 | @a金腊华@AJin La Hua@4编 |
| 801 | 0 | @aCN@bTANGWEI@c20100713 |
| 905 | @b0588024-28@dX52@e102@f5 | |
| 水污染事件应急处理技术与决策/林盛群,金腊华编.-北京:化学工业出版社,2009 |
| 170页;25cm |
| ISBN 978-7-122-03598-1:CNY38.00 |
| 本书介绍了水污染事件应急处理技术、策略和决策支持系统,重点讨论了水污染概念、污染预测、污染应急处理和突发性水污染事件的应急处理,既有理论陈述,又有案例分析。 |
| ● |
| 相关链接 |
|
|
|
|
正题名:水污染事件应急处理技术与决策
索取号:X52/102
 
预约/预借
| 序号 | 登录号 | 条形码 | 馆藏地/架位号 | 状态 | 备注 |
| 1 | 0588024 | 205880242 | 第二样本阅览室/ [索取号:X52/102] | 在馆 | |
| 2 | 0588025 | 205880251 | 第三借阅区/ [索取号:X52/102] | 在馆 | |
| 3 | 0588026 | 205880260 | 第三借阅区/ [索取号:X52/102] | 在馆 | |
| 4 | 0588027 | 205880279 | 第三借阅区/ [索取号:X52/102] | 在馆 | |
| 5 | 0588028 | 205880288 | 第三借阅区/ [索取号:X52/102] | 在馆 |